000 00272nam a2200121 a 4500
008 101022s1971|||| d
100 1 _aLichonosov, V.
245 1 0 _aListy od mamy
260 _bTatran
_c1971
_aBratislava
020 _c10
041 _aslo
044 _axo
_cSK
999 _c12025
_d12025